000
00316nam a2200121Ia 4500
008
191201s2012 xx 000 0 und d
100
_a
DESWAL, S
245
0
_a
Introducation to Environmental Science
260
_c
2012
_b
Dhanpat Rai Pubns (P) Ltd
_a
N.Delhi
300
_a
misc
650
_a
APPLIED
942
_2
ddc
_c
BB
_0
4
999
_c
7537
_d
7537